000 01249nam0a22003371 4500
001 RU\INFOCOMM_322\NLR\5000270331
005 20250624202816.0
035 _a(NLR Aleph) 010937447
090 _a10740531
_c10740531
100 _a20130326d1972 |||y0rusy50 ca
101 0 _arus
_afre
_gfre
102 _aRU
105 _ay z |||||
200 1 _aRéparation des tracteurs, automobiles et machines agricoles
_e[Trad. du russe ...]
_fV. Tchistiakov, S. Baboussenko, V. Kazakov, S. Kostenko
210 _aM.
_c"École supérieure"
_d[1972]
215 _a519 с.
_cил.
_d22 см
300 _aНа доп. тит. л. авт. и загл. на рус. яз.: В. Д. Чистяков [и др.]. Ремонт тракторовб автомобилей и сельскохозяйственных машин
620 _aМосква
686 _aТ22-1600
_2rubbk
686 _a2100
_2rubbk
686 _aС4-240
_2rubbk
686 _a[П072-98]
_2rubbk
686 _a[О33]
_2rubbk
686 _a[О34]
_2rubbk
700 1 _9z01790
_aČistjakov
_bV. D.
_gValentin Danilovič
790 1 _9z01700
_aTchistiakov
_bV.
_4070
801 1 _aRU
_bInfocomm
_c20130326
801 0 _aRU
_bINFOCOMM
_gPSBO
852 _aNLR
_jТ87 Д-5/21
942 _cBOOK
980 _aNB